Presidential Trivia with 3-Word Hints - Statistics

General Stats
  • This quiz has been taken 17 times
  • The average score is 8 of 10
Answer Stats
Hint Answer % Correct
Served Non-Consecutive Terms Grover Cleveland
100%
Resigned After Watergate Richard Nixon
100%
Owned 600+ Slaves Thomas Jefferson
100%
I Like Ike Dwight D. Eisenhower
88%
The Youngest President Theodore Roosevelt
82%
Trail Of Tears Andrew Jackson
71%
War Of 1812 James Madison
71%
War With Mexico James K. Polk
59%
Named ‘His Accidency’ John Tyler
59%
Opposed Texas Annexation Martin Van Buren
41%
No matching quizzes found
Score Distribution
Percent of People with Each Score
Percentile by Number Answered
Your Score History
You have not taken this quiz